书目信息 |
| 题名: |
拉赫玛尼诺夫茨冈幻想曲
|
|
| 作者: | ||
| 分册: | ||
| 出版信息: | 光华出版社 |
|
| 页数: | 70页 | |
| 开本: | 26cm | |
| 丛书名: | ||
| 单 册: | ||
| 中图分类: | J651.68 | |
| 科图分类: | ||
| 主题词: | 外国音乐--作品 , 音乐--各国--作品 | |
| 电子资源: | ||
| ISBN: | ||
| 000 | 00447nam0 2200169 450 | |
| 001 | 0730096231 | |
| 005 | 20070920082257.14 | |
| 100 | @a20070920d km y0chiy0120 ea | |
| 101 | 0 | @achi |
| 200 | 1 | @a拉赫玛尼诺夫茨冈幻想曲@Ala he ma ni nuo fu ci gang huan xiang qu |
| 210 | @c光华出版社 | |
| 215 | @a70页@d26cm | |
| 606 | 0 | @a外国音乐@x作品 |
| 606 | 0 | @a音乐@y各国@x作品 |
| 690 | @aJ651.68@v3 | |
| 801 | 0 | @aCN@bPFT@c20070920 |
| 905 | @a10447@dJ651.68@e83 | |
| 拉赫玛尼诺夫茨冈幻想曲.-光华出版社 |
| 70页;26cm |
| ISBN : |
| ● |
| 相关链接 |
|
|
|
|
正题名:拉赫玛尼诺夫茨冈幻想曲
索取号:J651.68/83
 
预约/预借
| 序号 | 登录号 | 条形码 | 馆藏地/架位号 | 状态 | 备注 |
| 1 | 0074367 | 001688668 | 密集书库/ [索取号:J651.68/83] | 在馆 |